LDR 01113nam a2200253 i 4500 001 000000065037 003 CaOOAMICUS 005 20060908000000.0 008 060908s1985 it u000 u mul u 013 $a36209 040 $aSeMil$bita 245 10$aEpistolario apocrifo di Seneca e san Paolo /$ca cura di Laura Bocciolini Palagi. 260 $aFirenze :$bNardini,$c1985. 300 $a174 p. ;$c21 cm. 490 0 $aBiblioteca patristica ;$v5 650 4$aBibbia - Apocrifi - Testi.$0(OLS)http://semarc/subject/1120 650 4$aBibbia. Nuovo Testamento. Apocrifi - Commentari, studi, critica e interpretazioni.$0(OLS)http://semarc/subject/2408 700 1 $aBocciolini Palagi, Laura.$0(OLS)http://semarc/name/32727 830 0$aBiblioteca patristica
;$v5.$0(OLS)http://semarc/title/10 850 $aSeMil 852 $aSeMil$W1$xVenegono$y1$m2T III 275$j31190$B31190$CSeMilBibl$Z2$F31193 $81 961 $aAcquisto: Casa editrice 996 $6245$aEpistolario apocrifo di Seneca e san Paolo$9(OLS)http://semarc/title/103163 996 $6260$aFirenze :$bNardini$9(OLS)http://semarc/publisher/31399